লোকসঙ্গীত জিজ্ঞাসা / (Record no. 85946)
[ view plain ]
| 000 -LEADER | |
|---|---|
| fixed length control field | 00748nam a2200217 a 4500 |
| 001 - CONTROL NUMBER | |
| control field | 85946 |
| 003 - CONTROL NUMBER IDENTIFIER | |
| rucl marc code | BD-RjUL |
| 005 - DATE AND TIME OF LATEST TRANSACTION | |
| control field | 20251112153436.0 |
| 008 - FIXED-LENGTH DATA ELEMENTS--GENERAL INFORMATION | |
| fixed length control field | 251112s1983 ii ||||| |||| 00| 0 ben d |
| 035 ## - SYSTEM CONTROL NUMBER | |
| System control number | (BD-RjUL)85946 |
| 040 ## - CATALOGING SOURCE | |
| Original cataloging agency | BD-RjUL |
| Language of cataloging | eng |
| Transcribing agency | BD-RjUL |
| 041 ## - LANGUAGE CODE | |
| Language code of text/sound track or separate title | ben |
| 082 ## - DEWEY DECIMAL CLASSIFICATION NUMBER | |
| Edition number | 23 |
| Classification number | 782.42162 |
| Author mark and year | RAL 1983 |
| 100 ## - MAIN ENTRY--PERSONAL NAME | |
| Personal name | রায়, সুকুমার |
| 9 (RLIN) | 17316 |
| 245 ## - TITLE STATEMENT | |
| Title | লোকসঙ্গীত জিজ্ঞাসা / |
| Statement of responsibility, etc. | সুকুমার রায় |
| 260 ## - PUBLICATION, DISTRIBUTION, ETC. (IMPRINT) | |
| Place of publication, distribution, etc. | কলিকাতা : |
| Name of publisher, distributor, etc. | ফার্মা কেএলএম প্রাইভেট লি:, |
| Date of publication, distribution, etc. | ১৯৮৩ |
| 300 ## - PHYSICAL DESCRIPTION | |
| Pagination | ৯০ পৃ.; |
| Size | ২২ সেমি. |
| 650 ## - SUBJECT ADDED ENTRY--TOPICAL TERM | |
| Topical term or geographic name as entry element | লোকসঙ্গীত |
| Topical term or geographic name as entry element | Folk music |
| 942 ## - ADDED ENTRY ELEMENTS (KOHA) | |
| Source of classification or shelving scheme | Dewey Decimal Classification |
| Koha item type | Books |
| Lost status | Source of classification or shelving scheme | Damaged status | Not for loan | Collection code | Permanent Location | Current Location | Shelving location | Date acquired | Source of acquisition | Cost, normal purchase price | Total Checkouts | Full call number | Date last seen | Copy number | Koha item type |
|---|---|---|---|---|---|---|---|---|---|---|---|---|---|---|---|
| Dewey Decimal Classification | Not For Loan | Non-fiction | Central Library, University of Rajshahi | Central Library, University of Rajshahi | Reading Room | 15/07/2008 | Paragon Enterprise | 16.00 | B 782.42162 RAL 1983 | 12/11/2025 | C-1 | Books | |||
| Dewey Decimal Classification | Not For Loan | Non-fiction | Central Library, University of Rajshahi | Central Library, University of Rajshahi | Reading Room | 15/07/2008 | Paragon Enterprise | 16.00 | B 782.42162 RAL 1983 | 12/11/2025 | C-2 | Books |